000
00330 a2200109 4500
001
ART_7816
005
20260410161722.0
008
260409a
245
1
0
_a
Honduras y el Mercado Común Centroamericano
100
1
_a
Brodersohn, Mario S.
773
0
_t
Revista de la integración
_g
- Nº 18 (ene. 1975)
_w
REV1815
999
_c
17073
_d
17073